| 000 | 00581nam a2200193 a 4500 | ||
|---|---|---|---|
| 001 | 000020837 | ||
| 005 | 20200930011156.0 | ||
| 008 | 100818s1969 sp a r 000 0 spa d | ||
| 040 |
_aDO-SdBNP _bspa _cBPJMB |
||
| 082 |
_a372.61 _bQ7L, 1969 |
||
| 100 | 1 |
_aQuintanilla Sainz, Efren. _943671 |
|
| 245 | 1 | 0 |
_aLengua española : _bprimer curso / _cEfren Quintanilla Sainz. |
| 250 | _a8a ed. | ||
| 260 |
_aEspaña : _bEverest, _c1969. |
||
| 300 |
_a172 p. : _bil. ; _c21 cm. |
||
| 490 | 1 | _aTextos Everest | |
| 650 | 4 |
_aEspañol _xEnseñanza media _943672 |
|
| 830 | 0 |
_aTextos Everest _943673 |
|
| 999 |
_c20340 _d20340 |
||